[Event "ODEM U25A 2012"]
[Site "Oberhof GER"]
[Date "2012.05.27"]
[Round "1"]
[White "Figura, Atila Gajo"]
[Black "Celmer, Ole"]
[Result "1-0"]
[Termination "normal"]
[Board "1"]
[WhiteTitle "FM"]
[WhiteElo "2351"]
[BlackElo "1834"]
[PlyCount "103"]
[WhiteFideId "4688058"]
[BlackFideId "24657107"]
[EventCountry "GER"]
[EventRounds "9"]
[EventType "swiss"]
[EventDate "2012.05.26"]

1. Nf3 Nf6 2. g3 b6 3. Bg2 Bb7 4. O-O e6 5. c4 Be7 6. Nc3 O-O 7. d4 Ne4 8. Nxe4
Bxe4 9. Re1 f5 10. d5 Na6 11. Bf4 Bf6 12. Qd2 Qe7 13. d6 Qe8 14. dxc7 Rc8 15.
Rad1 Rf7 16. Ne5 Bxe5 17. Bxe5 Bxg2 18. Kxg2 Nxc7 19. h4 Na6 20. b3 Nc5 21. f3
Rc6 22. Qf4 Qd8 23. Rd2 a5 24. Red1 a4 25. b4 Nb7 26. c5 bxc5 27. b5 Rc8 28.
Qxa4 d5 29. Qf4 Na5 30. h5 h6 31. a4 Qb6 32. Rc2 Ra8 33. Qc1 c4 34. Bd4 Qb7 35.
Qe3 Re7 36. Ra2 Nb3 37. Be5 Qa7 38. b6 Qb7 39. Bc7 Na5 40. Qc5 Nc6 41. a5 Ra6
42. e4 fxe4 43. fxe4 d4 44. Qxc4 Rxa5 45. Rxa5 Nxa5 46. Qxd4 Nc6 47. Qd6 Qa6
48. Qd3 Qb7 49. Ra1 Rxc7 50. bxc7 Qxc7 51. Ra8+ Kf7 52. Qf3+ 1-0

[Event "ODEM U25A 2012"]
[Site "Oberhof GER"]
[Date "2012.05.27"]
[Round "1"]
[White "Myagkov, Kirill"]
[Black "Wurm, Alexander"]
[Result "1-0"]
[Termination "normal"]
[Board "2"]
[WhiteElo "1861"]
[BlackElo "2059"]
[PlyCount "61"]
[WhiteFideId "24657042"]
[BlackFideId "24637246"]
[EventCountry "GER"]
[EventRounds "9"]
[EventType "swiss"]
[EventDate "2012.05.26"]

1. e4 d6 2. d4 Nf6 3. Nc3 g6 4. f4 Bg7 5. Nf3 O-O 6. Bc4 c6 7. e5 dxe5 8. fxe5
Nd5 9. O-O Na6 10. Qe2 Nac7 11. Ne4 Ne6 12. Nfg5 Nxd4 13. Qf2 Nf5 14. g4 Nh6
15. Qh4 Qb6+ 16. Kh1 Qd4 17. Bd3 Bxg4 18. h3 Ne3 19. Bxe3 Qxe3 20. hxg4 f5 21.
exf6 exf6 22. Ne6 Rf7 23. Nxg7 Kxg7 24. Rxf6 Raf8 25. Raf1 Rxf6 26. Rxf6 Re8
27. g5 Nf5 28. Rxf5 gxf5 29. Qh6+ Kh8 30. Qf6+ Kg8 31. Bc4+ 1-0

[Event "ODEM U25A 2012"]
[Site "Oberhof GER"]
[Date "2012.05.27"]
[Round "1"]
[White "Nötzel, Felix"]
[Black "Scheinhütte, Jakob"]
[Result "1-0"]
[Termination "normal"]
[Board "3"]
[WhiteElo "2106"]
[BlackElo "1661"]
[PlyCount "89"]
[WhiteFideId "24637416"]
[BlackFideId "24693944"]
[EventCountry "GER"]
[EventRounds "9"]
[EventType "swiss"]
[EventDate "2012.05.26"]

1. e4 e6 2. d4 d5 3. Nd2 a6 4. Ngf3 c5 5. c3 Nf6 6. Bd3 Be7 7. O-O O-O 8. Re1
Nc6 9. Bb1 cxd4 10. cxd4 Bd7 11. a3 Qb6 12. e5 Ne8 13. Nf1 f5 14. Re3 Nc7 15.
Rb3 Qa7 16. a4 Rac8 17. h4 Na8 18. Ng3 Nb6 19. Bg5 Bxg5 20. hxg5 Nc4 21. Bd3
N4a5 22. Ne2 Nxb3 23. Qxb3 Na5 24. Qb4 Nc4 25. Nf4 Qb6 26. Qxb6 Nxb6 27. a5 Na8
28. g6 h6 29. Nd2 Nc7 30. Nb3 Rfe8 31. Nc5 Bc6 32. Ra3 Bb5 33. Nxb7 Bxd3 34.
Nxd3 Nb5 35. Ra4 Rc4 36. Rxc4 dxc4 37. Ndc5 Nxd4 38. Nxa6 Nc6 39. f4 Ra8 40.
Nac5 Nxa5 41. Nd6 Rb8 42. Nxe6 Rxb2 43. Nxf5 c3 44. Ne7+ Kh8 45. Nd8 1-0

[Event "ODEM U25A 2012"]
[Site "Oberhof GER"]
[Date "2012.05.27"]
[Round "1"]
[White "Askri, Samir"]
[Black "Carow, Annelen"]
[Result "0-1"]
[Termination "normal"]
[Board "4"]
[WhiteElo "1795"]
[BlackElo "1957"]
[PlyCount "44"]
[WhiteFideId "12924938"]
[BlackFideId "24692492"]
[EventCountry "GER"]
[EventRounds "9"]
[EventType "swiss"]
[EventDate "2012.05.26"]

1. d4 Nf6 2. c4 c5 3. d5 b5 4. cxb5 a6 5. b6 e6 6. Nc3 Bb7 7. e4 exd5 8. exd5
d6 9. g3 Nbd7 10. Bg2 Be7 11. Nge2 Qxb6 12. O-O O-O 13. Nf4 Ne8 14. Re1 Bf6 15.
Na4 Qa7 16. Ne6 fxe6 17. dxe6 Ne5 18. Qb3 Bxg2 19. e7+ Rf7 20. Kxg2 c4 21. Qb6
Bxe7 22. Qxa7 Rxa7 0-1

[Event "ODEM U25A 2012"]
[Site "Oberhof GER"]
[Date "2012.05.27"]
[Round "1"]
[White "Kieslich, Aaron"]
[Black "Schirra, Felix"]
[Result "1-0"]
[Termination "normal"]
[Board "5"]
[WhiteElo "1979"]
[BlackElo "1636"]
[PlyCount "79"]
[WhiteFideId "1270391"]
[BlackFideId "24692662"]
[EventCountry "GER"]
[EventRounds "9"]
[EventType "swiss"]
[EventDate "2012.05.26"]

1. d4 Nf6 2. c4 g6 3. Nc3 d5 4. Nf3 Bg7 5. Bf4 O-O 6. Rc1 c6 7. e3 Nh5 8. Be5
f6 9. Bxb8 Rxb8 10. cxd5 cxd5 11. Nxd5 e6 12. Nc3 f5 13. Bc4 a6 14. O-O b5 15.
Bb3 Qd6 16. Qe2 Bb7 17. Ng5 Rbe8 18. f4 Nf6 19. Rfd1 h6 20. Nf3 g5 21. fxg5
hxg5 22. Ne5 g4 23. Qf2 Nh7 24. Nd3 Rf6 25. Qf4 Qe7 26. Nc5 Bh6 27. Qe5 Be4 28.
Re1 Ng5 29. N3xe4 fxe4 30. Nxe4 Rg6 31. Nxg5 Rxg5 32. Qe4 g3 33. h3 Kh8 34. Rc6
Qf7 35. Rf1 Rf5 36. Rxf5 Bxe3+ 37. Qxe3 Qxf5 38. Qh6+ Kg8 39. Bxe6+ Rxe6 40.
Qxe6+ 1-0

[Event "ODEM U25A 2012"]
[Site "Oberhof GER"]
[Date "2012.05.27"]
[Round "1"]
[White "Wachinger, David"]
[Black "Ott, Florian"]
[Result "0-1"]
[Termination "normal"]
[Board "6"]
[WhiteElo "1699"]
[BlackElo "1976"]
[PlyCount "56"]
[WhiteFideId "24692689"]
[BlackFideId "12900281"]
[EventCountry "GER"]
[EventRounds "9"]
[EventType "swiss"]
[EventDate "2012.05.26"]

1. d4 Nf6 2. c4 g6 3. Nc3 Bg7 4. e4 d6 5. Nf3 O-O 6. Be2 e5 7. d5 a5 8. O-O Na6
9. Ne1 Nc5 10. f3 b6 11. Be3 Nfd7 12. b3 f5 13. a3 Nf6 14. b4 axb4 15. axb4
Rxa1 16. Qxa1 Nb3 17. Qd1 Nd4 18. Bd3 Bd7 19. Nc2 fxe4 20. fxe4 Ng4 21. Bd2 Qh4
22. h3 Qg3 23. Rxf8+ Bxf8 24. hxg4 Qxd3 25. Na3 Qg3 26. g5 Bg4 27. Qc1 Be2 28.
Kh1 Nf3 0-1

[Event "ODEM U25A 2012"]
[Site "Oberhof GER"]
[Date "2012.05.27"]
[Round "1"]
[White "Feldheim, Jonas"]
[Black "Theurich, Joel"]
[Result "1-0"]
[Termination "normal"]
[Board "7"]
[WhiteElo "2005"]
[BlackElo "1792"]
[PlyCount "59"]
[WhiteFideId "24697583"]
[BlackFideId "12930393"]
[EventCountry "GER"]
[EventRounds "9"]
[EventType "swiss"]
[EventDate "2012.05.26"]

1. e4 e5 2. Nf3 Nc6 3. Bc4 Bc5 4. c3 Nf6 5. d3 d6 6. Bb3 O-O 7. Bg5 h6 8. Bh4
Qe7 9. Nbd2 Be6 10. Bc2 a6 11. Qe2 Rfe8 12. h3 Bb6 13. Nf1 g5 14. Bg3 Qf8 15.
Ne3 Bxe3 16. fxe3 Qg7 17. O-O-O Ne7 18. d4 exd4 19. exd4 Ng6 20. Qd2 Rad8 21.
Rde1 Bc8 22. Rhf1 Re7 23. e5 dxe5 24. Nxe5 Nh5 25. Nxg6 Rxe1+ 26. Qxe1 Nxg3 27.
Qxg3 fxg6 28. Bb3+ Kh8 29. Rf7 Qg8 30. Qe5+ 1-0

[Event "ODEM U25A 2012"]
[Site "Oberhof GER"]
[Date "2012.05.27"]
[Round "1"]
[White "Hartmann, Jakob"]
[Black "Adelhütte, Dennis"]
[Result "0-1"]
[Termination "normal"]
[Board "8"]
[WhiteElo "1710"]
[BlackElo "1982"]
[PlyCount "64"]
[WhiteFideId "12918067"]
[BlackFideId "4661265"]
[EventCountry "GER"]
[EventRounds "9"]
[EventType "swiss"]
[EventDate "2012.05.26"]

1. e4 e6 2. d3 d5 3. Nd2 Nf6 4. e5 Nfd7 5. Ngf3 c5 6. c3 Nc6 7. d4 Qb6 8. Qb3
cxd4 9. Qxb6 axb6 10. cxd4 Nb4 11. Kd1 Rxa2 12. Rxa2 Nxa2 13. Bb5 Be7 14. Ke2
Nb4 15. b3 Nc6 16. Bb2 O-O 17. Rc1 Ndb8 18. Nf1 Bd7 19. Bd3 f6 20. Ne3 fxe5 21.
dxe5 Na6 22. g3 Nc5 23. Bc2 Nb4 24. Ba3 Nxc2 25. Nxc2 Nxb3 26. Rb1 Bxa3 27.
Rxb3 Bc5 28. Ncd4 Ra8 29. Rb2 Ra4 30. Nb5 Bxb5+ 31. Rxb5 Ra2+ 32. Ke1 Bxf2+ 0-1

[Event "ODEM U25A 2012"]
[Site "Oberhof GER"]
[Date "2012.05.27"]
[Round "1"]
[White "Zimmermann, Christian"]
[Black "Becker, Dirk"]
[Result "1-0"]
[Termination "normal"]
[Board "9"]
[WhiteElo "1878"]
[BlackElo "1720"]
[PlyCount "81"]
[WhiteFideId "24692069"]
[BlackFideId "12938564"]
[EventCountry "GER"]
[EventRounds "9"]
[EventType "swiss"]
[EventDate "2012.05.26"]

1. e4 d5 2. exd5 Qxd5 3. Nc3 Qd6 4. d4 Nf6 5. Nf3 c6 6. Ne5 Nbd7 7. Nc4 Qc7 8.
Qf3 Nb6 9. Bf4 Qd8 10. Be5 Nbd5 11. Ne4 Be6 12. Bd3 g6 13. Ncd6+ exd6 14. Nxf6+
Nxf6 15. Bxf6 Qa5+ 16. c3 Rg8 17. O-O Kd7 18. Rfe1 Re8 19. Re2 h5 20. Bh4 g5
21. Qxh5 Be7 22. Bg3 Rh8 23. Qf3 Rh6 24. Qe3 f5 25. f4 g4 26. b4 Qd8 27. d5
Bxd5 28. Bxf5+ Kc7 29. Qxa7 Bh4 30. Qa5+ Kb8 31. Qxd8+ Rxd8 32. Bxh4 Rxh4 33.
Rae1 Rhh8 34. Bxg4 Rdg8 35. Be6 Bxe6 36. Rxe6 Kc7 37. f5 Rh5 38. f6 Rhg5 39.
R1e2 Kd7 40. Re7+ Kd8 41. Rxb7 1-0

[Event "ODEM U25A 2012"]
[Site "Oberhof GER"]
[Date "2012.05.27"]
[Round "1"]
[White "Häusler, Yannick"]
[Black "Pererva, Viktor"]
[Result "0-1"]
[Termination "normal"]
[Board "10"]
[WhiteElo "1900"]
[BlackElo "1967"]
[PlyCount "60"]
[WhiteFideId "12935891"]
[BlackFideId "24696463"]
[EventCountry "GER"]
[EventRounds "9"]
[EventType "swiss"]
[EventDate "2012.05.26"]

1. e4 e5 2. f4 exf4 3. Nf3 Be7 4. Bc4 Nf6 5. e5 Ng4 6. O-O d6 7. d4 dxe5 8. h3
e4 9. Ne1 Nf6 10. Bxf4 O-O 11. c3 c5 12. Be3 Nc6 13. Nc2 cxd4 14. cxd4 b6 15.
Nc3 Bb7 16. Qe1 Nb4 17. Nxb4 Bxb4 18. a3 Be7 19. Rd1 Rc8 20. Be2 Re8 21. Qf2
Rf8 22. Rd2 h6 23. Rfd1 Bxa3 24. Ra1 Bxb2 25. Rxb2 Rxc3 26. Rxa7 Qb8 27. Ra1
Nd5 28. Bc1 Rfc8 29. Rbb1 Rc2 30. Qf1 Nc3 0-1

[Event "ODEM U25A 2012"]
[Site "Oberhof GER"]
[Date "2012.05.27"]
[Round "1"]
[White "Münch, Robert"]
[Black "Bieg, Pascal"]
[Result "1-0"]
[Termination "normal"]
[Board "11"]
[WhiteElo "1953"]
[BlackElo "1776"]
[PlyCount "49"]
[WhiteFideId "4626028"]
[BlackFideId "12915645"]
[EventCountry "GER"]
[EventRounds "9"]
[EventType "swiss"]
[EventDate "2012.05.26"]

1. d4 Nf6 2. Bg5 Ne4 3. Bf4 c5 4. f3 Nf6 5. d5 d6 6. e4 g6 7. c3 Bg7 8. Bd3
Nbd7 9. Ne2 a6 10. a4 Ne5 11. Bxe5 dxe5 12. c4 Bh6 13. O-O Be3+ 14. Kh1 Nh5 15.
Qe1 Qb6 16. Qc3 Qf6 17. Na3 Bd4 18. Nxd4 cxd4 19. Qd2 Nf4 20. b4 g5 21. c5 g4
22. fxg4 Qg6 23. Nc4 f6 24. Nb6 Rb8 25. Rxf4 1-0

[Event "ODEM U25A 2012"]
[Site "Oberhof GER"]
[Date "2012.05.27"]
[Round "1"]
[White "Bosse, Lea"]
[Black "Giraud, Valerian"]
[Result "0-1"]
[Termination "normal"]
[Board "12"]
[WhiteElo "1631"]
[BlackElo "1914"]
[PlyCount "106"]
[WhiteFideId "12900419"]
[BlackFideId "12920355"]
[EventCountry "GER"]
[EventRounds "9"]
[EventType "swiss"]
[EventDate "2012.05.26"]

1. e4 e6 2. d4 d5 3. Nc3 Bb4 4. Nge2 dxe4 5. a3 Be7 6. Nxe4 Nd7 7. c4 Ngf6 8.
N2c3 O-O 9. g3 c6 10. Bg2 Nxe4 11. Nxe4 Nf6 12. O-O Nxe4 13. Bxe4 Bf6 14. Qd3
Qxd4 15. Bxh7+ Kh8 16. Rd1 Qxd3 17. Bxd3 e5 18. Be3 Be6 19. Rac1 Rfd8 20. b4
Be7 21. c5 g6 22. f4 Bf6 23. f5 gxf5 24. Bxf5 Rxd1+ 25. Rxd1 Bxf5 26. Rf1 Be6
27. Rxf6 Rd8 28. Rh6+ Kg7 29. Bg5 Rd3 30. a4 Rd4 31. Rh4 Rd3 32. Kf2 Bd5 33.
Ke2 e4 34. Rg4 f5 35. Rf4 Kg6 36. Be7 Rb3 37. b5 cxb5 38. axb5 Rxb5 39. g4 fxg4
40. Rf6+ Kg7 41. Rf5 Bc6 42. Rg5+ Kf7 43. Bd6 Bd7 44. Ke3 Kf6 45. Re5 Bf5 46.
Kf4 Bg6 47. Kxg4 a5 48. h4 b6 49. h5 Bh7 50. Re7 Bf5+ 51. Kf4 bxc5 52. h6 Rb3
53. Ra7 Rf3# 0-1

[Event "ODEM U25A 2012"]
[Site "Oberhof GER"]
[Date "2012.05.27"]
[Round "1"]
[White "Hoffmann, Tim"]
[Black "Hollatz, Michael"]
[Result "0-1"]
[Termination "normal"]
[Board "13"]
[WhiteElo "1945"]
[BlackElo "1653"]
[PlyCount "94"]
[WhiteFideId "12900338"]
[BlackFideId "4622820"]
[EventCountry "GER"]
[EventRounds "9"]
[EventType "swiss"]
[EventDate "2012.05.26"]

1. e4 e5 2. Nf3 Nc6 3. d4 exd4 4. Bc4 h6 5. O-O Bc5 6. c3 d6 7. cxd4 Bb6 8. Be3
Nge7 9. Nc3 Bg4 10. Be2 d5 11. e5 O-O 12. Na4 f6 13. Nxb6 axb6 14. exf6 Rxf6
15. Qd2 Nf5 16. Rfd1 Rg6 17. Ne5 Nxe5 18. dxe5 c6 19. Bf4 Bh3 20. Bf1 Nh4 21.
Bg3 Be6 22. Bd3 Nf5 23. b3 h5 24. Qf4 Rg4 25. Qf3 Nxg3 26. hxg3 Qg5 27. Re1 h4
28. Qe3 hxg3 29. f3 Qxe3+ 30. Rxe3 Rf4 31. Bc2 Kf7 32. a4 Rh8 33. Ra2 Rfh4 34.
Kf1 Rh1+ 35. Ke2 R8h2 36. Kd2 Rxg2+ 37. Kc3 c5 38. Bg6+ Kxg6 39. Rxg2 d4+ 40.
Kd3 dxe3 41. Rxg3+ Kf7 42. Kxe3 Bxb3 43. f4 Bxa4 44. f5 Rh6 45. Rg4 Bc6 46. Rg1
g6 47. e6+ Kf6 0-1

[Event "ODEM U25A 2012"]
[Site "Oberhof GER"]
[Date "2012.05.27"]
[Round "1"]
[White "Tobianski, Fabian"]
[Black "Humburg, Philipp"]
[Result "0-1"]
[Termination "normal"]
[Board "14"]
[WhiteElo "1628"]
[BlackElo "1840"]
[PlyCount "60"]
[WhiteFideId "12952001"]
[BlackFideId "24656151"]
[EventCountry "GER"]
[EventRounds "9"]
[EventType "swiss"]
[EventDate "2012.05.26"]

1. c4 Nf6 2. g3 g6 3. Bg2 Bg7 4. Nc3 O-O 5. d3 d6 6. e4 c5 7. Nge2 Nc6 8. O-O
Ne8 9. h3 Nc7 10. f4 Ne6 11. f5 Ned4 12. g4 e6 13. Ng3 Rb8 14. Be3 Re8 15. Qd2
b5 16. Bh6 Bh8 17. fxg6 hxg6 18. g5 Ne5 19. cxb5 Nxb5 20. Rf4 Ba6 21. Nxb5 Rxb5
22. Rb1 Qa5 23. Qd1 Reb8 24. Nh5 Rxb2 25. Rxb2 Rxb2 26. Nf6+ Bxf6 27. gxf6 Qxa2
28. Bf1 Rb1 29. Bg7 Rxd1 30. Rh4 Nf3+ 0-1

[Event "ODEM U25A 2012"]
[Site "Oberhof GER"]
[Date "2012.05.27"]
[Round "1"]
[White "Grötzbach, Daniel"]
[Black "Bleecke, Sebastian"]
[Result "1/2-1/2"]
[Termination "normal"]
[Board "15"]
[WhiteElo "1896"]
[BlackElo "1595"]
[PlyCount "70"]
[WhiteFideId "24692166"]
[BlackFideId "12941131"]
[EventCountry "GER"]
[EventRounds "9"]
[EventType "swiss"]
[EventDate "2012.05.26"]

1. e4 c6 2. d4 d5 3. Nc3 dxe4 4. Nxe4 Nf6 5. Nxf6+ gxf6 6. c3 Qd5 7. Ne2 e5 8.
Be3 Be6 9. Ng3 f5 10. Nh5 Nd7 11. dxe5 Qxe5 12. Qd4 Qxd4 13. Bxd4 Rg8 14. Nf6+
Nxf6 15. Bxf6 Be7 16. Bd4 Bd8 17. b3 a5 18. f3 Bc7 19. Kf2 a4 20. Bc4 b5 21.
Bxe6 fxe6 22. b4 Kf7 23. g3 e5 24. Bc5 Rad8 25. Rad1 Ke6 26. Ke2 Rxd1 27. Rxd1
Rd8 28. Re1 h5 29. Ke3 Rg8 30. Re2 Rg7 31. Rd2 Rd7 32. Rxd7 Kxd7 33. Kd3 Ke6
34. c4 Bd8 35. h3 Bg5 1/2-1/2

[Event "ODEM U25A 2012"]
[Site "Oberhof GER"]
[Date "2012.05.27"]
[Round "1"]
[White "Wastian, Jan"]
[Black "Baier, Christoph"]
[Result "0-1"]
[Termination "normal"]
[Board "16"]
[WhiteElo "1627"]
[BlackElo "1927"]
[PlyCount "52"]
[WhiteFideId "12911640"]
[BlackFideId "24655759"]
[EventCountry "GER"]
[EventRounds "9"]
[EventType "swiss"]
[EventDate "2012.05.26"]

1. e4 c5 2. c3 Nf6 3. e5 Nd5 4. d4 cxd4 5. Nf3 Nc6 6. cxd4 e6 7. Bc4 Nb6 8. Bd3
Be7 9. a3 d6 10. O-O O-O 11. Qe2 dxe5 12. dxe5 Nd5 13. b4 b6 14. Bxh7+ Kxh7 15.
Qc2+ Kg8 16. Qxc6 Bd7 17. Qc2 Bb5 18. Re1 Rc8 19. Qd2 Ba4 20. Bb2 Rc2 21. Qd4
Qc7 22. Nbd2 Rd8 23. Rac1 Nxb4 24. Qe4 Nd3 25. Qxa4 Nxe1 26. Rxc2 Qxc2 0-1

[Event "ODEM U25A 2012"]
[Site "Oberhof GER"]
[Date "2012.05.27"]
[Round "1"]
[White "Diller, Daniel"]
[Black "Walther, Felix"]
[Result "1-0"]
[Termination "normal"]
[Board "17"]
[WhiteElo "1809"]
[BlackElo "1586"]
[PlyCount "61"]
[WhiteFideId "12908983"]
[EventCountry "GER"]
[EventRounds "9"]
[EventType "swiss"]
[EventDate "2012.05.26"]

1. c4 e5 2. g3 Nf6 3. Bg2 d5 4. cxd5 Nxd5 5. Nc3 Be6 6. Nf3 Nc6 7. O-O Bc5 8.
Nxe5 Nxe5 9. d4 Bxd4 10. Qxd4 Qf6 11. Qa4+ Bd7 12. Nxd5 Bxa4 13. Nxf6+ gxf6 14.
Bxb7 Rb8 15. Bg2 O-O 16. b3 Bb5 17. Re1 c5 18. Be3 Rbc8 19. Bh3 Rc7 20. Rac1 c4
21. Rc3 Rd8 22. Rec1 a5 23. Bb6 Rcd7 24. Bxd8 Rxd8 25. bxc4 Bc6 26. f4 Nd7 27.
Rd3 Kf8 28. Rcd1 Ke7 29. Kf2 a4 30. Rd6 Bb7 31. Rxd7+ 1-0

[Event "ODEM U25A 2012"]
[Site "Oberhof GER"]
[Date "2012.05.27"]
[Round "1"]
[White "Vergin, Marcel"]
[Black "Höpfner, Tim"]
[Result "1/2-1/2"]
[Termination "normal"]
[Board "18"]
[WhiteElo "1565"]
[BlackElo "1942"]
[PlyCount "90"]
[BlackFideId "4638310"]
[EventCountry "GER"]
[EventRounds "9"]
[EventType "swiss"]
[EventDate "2012.05.26"]

1. d4 Nf6 2. Nf3 c5 3. d5 d6 4. Bg5 Nbd7 5. Nc3 g6 6. e4 Bg7 7. Qd2 h6 8. Bxf6
Bxf6 9. Bd3 a6 10. a4 b6 11. O-O Qc7 12. b3 Kf8 13. Rab1 Kg7 14. Ne2 Rb8 15. c3
b5 16. axb5 axb5 17. b4 c4 18. Bc2 Nb6 19. Ra1 Bd7 20. Ra2 Ra8 21. Rfa1 Qb7 22.
Bd1 Rxa2 23. Rxa2 Ra8 24. Qb2 Rxa2 25. Qxa2 Qa8 26. Qxa8 Nxa8 27. Kf1 Nb6 28.
Ke1 e6 29. dxe6 fxe6 30. Kd2 Kf7 31. Nfd4 e5 32. Nc2 Bg5+ 33. Ne3 Be6 34. f3 d5
35. Bc2 Bf6 36. exd5 Nxd5 37. Nxd5 Bxd5 38. Be4 Bxe4 39. fxe4 Bg5+ 40. Ke1 Be3
41. Ng3 Kf6 42. Ke2 Bf4 43. Nf1 h5 44. g3 Bh6 45. Ne3 Bxe3 1/2-1/2

[Event "ODEM U25A 2012"]
[Site "Oberhof GER"]
[Date "2012.05.27"]
[Round "1"]
[White "Berger, Manuel"]
[Black "Kirn, Niklas Johann"]
[Result "1/2-1/2"]
[Termination "normal"]
[Board "19"]
[WhiteElo "1888"]
[BlackElo "1687"]
[PlyCount "47"]
[WhiteFideId "24692506"]
[BlackFideId "12910899"]
[EventCountry "GER"]
[EventRounds "9"]
[EventType "swiss"]
[EventDate "2012.05.26"]

1. e4 d5 2. exd5 Nf6 3. Nc3 Nxd5 4. Qf3 Nb4 5. Bc4 e6 6. Bb3 Bd7 7. a3 Bc6 8.
Qh3 Nd5 9. Nxd5 Bxd5 10. Bxd5 Qxd5 11. Qf3 Nc6 12. Qxd5 exd5 13. Nf3 Be7 14.
O-O O-O-O 15. d3 Bf6 16. Rb1 Rhe8 17. Bd2 Re7 18. b4 Nd4 19. Nxd4 Bxd4 20. Be3
Bxe3 21. fxe3 f6 22. Rf3 Rde8 23. Kf2 Re6 24. Rh3 1/2-1/2

[Event "ODEM U25A 2012"]
[Site "Oberhof GER"]
[Date "2012.05.27"]
[Round "1"]
[White "Mann, Jonas"]
[Black "Valet, Alexander"]
[Result "0-1"]
[Termination "normal"]
[Board "20"]
[WhiteElo "1541"]
[BlackElo "1910"]
[PlyCount "40"]
[WhiteFideId "12900214"]
[BlackFideId "24682560"]
[EventCountry "GER"]
[EventRounds "9"]
[EventType "swiss"]
[EventDate "2012.05.26"]

1. c4 c5 2. Nc3 Nc6 3. g3 g6 4. Bg2 Bg7 5. e3 d6 6. Nge2 Nf6 7. O-O O-O 8. a3
Bf5 9. d4 cxd4 10. exd4 Qd7 11. Nf4 Rac8 12. Re1 Na5 13. b3 Rfe8 14. Bb2 e6 15.
h3 g5 16. Nd3 Nxb3 17. Qxb3 Bxd3 18. Bf1 Bxf1 19. Rxf1 Qc6 20. Nb5 a6 0-1

[Event "ODEM U25A 2012"]
[Site "Oberhof GER"]
[Date "2012.05.27"]
[Round "1"]
[White "Kast, Joannis"]
[Black "Peters, Florian"]
[Result "1/2-1/2"]
[Termination "normal"]
[Board "21"]
[WhiteElo "1758"]
[BlackElo "1537"]
[PlyCount "97"]
[WhiteFideId "24698776"]
[BlackFideId "12952028"]
[EventCountry "GER"]
[EventRounds "9"]
[EventType "swiss"]
[EventDate "2012.05.26"]

1. e4 b6 2. d4 Bb7 3. Nc3 Nf6 4. f3 e6 5. Be3 Be7 6. Qd2 d6 7. Nge2 Nbd7 8. g4
e5 9. d5 Nc5 10. Ng3 Nfd7 11. Nf5 g6 12. Nxe7 Qxe7 13. Nb5 Nf8 14. O-O-O f6 15.
Bxc5 bxc5 16. Qa5 Kd8 17. Nxa7 Nd7 18. Bb5 Ke8 19. Bxd7+ Qxd7 20. Rd3 c6 21.
dxc6 Bxc6 22. Ra3 Ke7 23. Nxc6+ Qxc6 24. Qc3 Rxa3 25. Qxa3 Ra8 26. Qb3 c4 27.
Qb4 Rxa2 28. Kd2 Ra4 29. Qb8 Ra8 30. Qb4 Ra4 31. Qc3 Qc5 32. Ke2 Qb4 33. Qxb4
Rxb4 34. Kd2 Rxb2 35. Ra1 Ke6 36. Kc3 Rb7 37. Kxc4 h5 38. gxh5 gxh5 39. Kd3 Rg7
40. Ra6 Rg2 41. c4 Ke7 42. Ra7+ Ke6 43. Ra6 Ke7 44. Ra7+ Ke6 45. Ra6 Ke7 46. h4
Rh2 47. Ra7+ Ke6 48. Ra6 Ke7 49. Ra7+ 1/2-1/2

[Event "ODEM U25A 2012"]
[Site "Oberhof GER"]
[Date "2012.05.27"]
[Round "1"]
[White "Thumm, Felix"]
[Black "Mann, Johannes"]
[Result "1/2-1/2"]
[Termination "normal"]
[Board "22"]
[WhiteElo "1738"]
[BlackElo "1859"]
[PlyCount "75"]
[WhiteFideId "12902209"]
[BlackFideId "24691380"]
[EventCountry "GER"]
[EventRounds "9"]
[EventType "swiss"]
[EventDate "2012.05.26"]

1. d4 Nf6 2. e3 g6 3. Bd3 Bg7 4. b3 O-O 5. Bb2 d6 6. Nf3 Nbd7 7. O-O c5 8. Nbd2
Rb8 9. a4 b6 10. c4 Qc7 11. d5 Ng4 12. Bxg7 Kxg7 13. Qc2 Nge5 14. Qc3 Kg8 15.
Nxe5 Nxe5 16. Bc2 f5 17. f4 Ng4 18. Nf3 Nf6 19. Ng5 h6 20. Nf3 e6 21. dxe6 Bxe6
22. Rad1 Qe7 23. Nh4 Kh7 24. Nf3 Rbd8 25. Rfe1 Bc8 26. Nd2 Ne4 27. Nxe4 fxe4
28. h3 h5 29. Qd2 Bb7 30. Qe2 Kg7 31. Rd2 Bc8 32. Red1 h4 33. Rd5 Bf5 34. Qf2
Qf6 35. Qd2 Qb2 36. Rb1 Qf6 37. Rd1 Qb2 38. Rb1 1/2-1/2

[Event "ODEM U25A 2012"]
[Site "Oberhof GER"]
[Date "2012.05.27"]
[Round "1"]
[White "Ospina Ocampo, Camilo"]
[Black "Dietrich, Franz"]
[Result "1/2-1/2"]
[Termination "normal"]
[Board "23"]
[WhiteElo "1972"]
[BlackElo "1571"]
[PlyCount "44"]
[WhiteFideId "12907030"]
[BlackFideId "1270312"]
[EventCountry "GER"]
[EventRounds "9"]
[EventType "swiss"]
[EventDate "2012.05.26"]

1. e4 e5 2. Nf3 Nc6 3. Bb5 a6 4. Ba4 Nf6 5. O-O b5 6. Bb3 Bc5 7. a4 b4 8. d3 d6
9. h3 O-O 10. c3 bxc3 11. Nxc3 a5 12. Bg5 h6 13. Bh4 Be6 14. Nb5 Rc8 15. Nc3
Nb4 16. Bc2 Nxc2 17. Qxc2 Rb8 18. Qd2 Bb4 19. Nh2 g5 20. Bg3 Kh7 21. h4 g4 22.
Qe2 Qd7 1/2-1/2

[Event "ODEM U25A 2012"]
[Site "Oberhof GER"]
[Date "2012.05.27"]
[Round "1"]
[White "Wodzinski, Kristin"]
[Black "Holle, Cedric"]
[Result "0-1"]
[Termination "normal"]
[Board "24"]
[WhiteElo "1692"]
[BlackElo "1840"]
[PlyCount "92"]
[WhiteFideId "12923141"]
[BlackFideId "24692158"]
[EventCountry "GER"]
[EventRounds "9"]
[EventType "swiss"]
[EventDate "2012.05.26"]

1. d4 d5 2. c4 c6 3. Nf3 e6 4. Nc3 dxc4 5. a4 Bb4 6. e4 b5 7. e5 a5 8. Be2 Bb7
9. O-O Bxc3 10. bxc3 Ne7 11. Rb1 Nd5 12. Bd2 Ba6 13. Qc2 h6 14. Rb2 Nd7 15. Ra1
N7b6 16. axb5 Bxb5 17. Be1 O-O 18. Rba2 a4 19. Nd2 Qe7 20. Ne4 Ra7 21. Nd6 Rfa8
22. Ra3 Nf4 23. Bf1 Qg5 24. Rb1 Ra5 25. Qa2 Nd3 26. Bd2 Qg6 27. Be2 Nd5 28. Bf3
f5 29. exf6 Qxf6 30. Nxc4 Bxc4 31. Qxc4 Qg6 32. Rba1 Rf8 33. Kf1 N5f4 34. Bxf4
Rxf4 35. Qxc6 Rg5 36. R1a2 Nc1 37. Rd2 Nb3 38. Re2 Qb1+ 39. Re1 Nd2+ 40. Ke2
Qb2 41. Qxe6+ Kh7 42. Qa2 Rb5 43. Rxa4 Nxf3+ 44. Ke3 Qxc3+ 45. Kxf4 Nxe1 46. g3
Qf3# 0-1